• 首页
  • 本馆介绍
  • 公告通知
  • 最新文献
  • 馆藏检索
  • 电子资源
  • 读者导购
  • 参考咨询
  • 我的图书馆
  • 登录
  • 详细信息显示
  • 放入我的书架
  • 预约/预借图书
  • 作者相关作品
  • 分类相关作品
  • 丛书相关作品
  • 出版社相关作品

书目信息

  • 表格格式
  • 工作单格式
  • 卡片格式
题名:
世界知识便览
    
 
作者: ;《世界知识便览》编写组 编
分册:  
出版信息: 北京   国防大学出版社  1986
页数: 818页
开本: 19cm
丛书名:
单 册:
中图分类: C61
科图分类:
主题词: 社会科学--名词术语 , 社会科学--词典 , 社会科学--百科全书
电子资源:
ISBN:
000 00732nam0 2200253 45
001 0186002171
005 20050324171955.7
010    @dCNY5.20
091    @a3489.026
100    @a19901010d1986 em y0chiy0121 ea
101 0  @achi
102    @aCN@b110000
105    @ay z 000yy
200 10 @a世界知识便览@Ashi jie zhi shi bian lan@f《世界知识便览》编写组编@F《Shi Jie Zhi Shi Bian Lan》Bian Xie Zu Bian
210    @a北京@c国防大学出版社@d1986
215    @a818页@d19cm
606 0  @a社会科学@x名词术语
606 0  @a社会科学@x词典
606 0  @a社会科学@x百科全书
690    @aC61@v3
711 02 @a《世界知识便览》编写组@4编
801  0 @aCN@b深圳图书馆@c20040507
801  2 @aCN@bNLC@c20040507
905    @dC61@e14@f1@b202770
    
    世界知识便览/《世界知识便览》编写组编.-北京:国防大学出版社,1986
    818页;19cm
    
    
    ISBN :CNY5.20
    
●
相关链接 在E读中查询图书 在五车中查询图书 在当当中查询图书 在豆瓣中查询图书


正题名:世界知识便览     索取号:C61/14         预约/预借

序号 登录号 条形码 馆藏地/架位号 状态 备注
1 0202769   001144292   第一借阅区/ [索取号:C61/14] 在馆    
2 0202770   002030661   密集书库/ [索取号:C61/14] 在馆    
3 0202771   202109841   第一样本阅览室/ [索取号:C61/14] 在馆    
唐山师范学院图书馆 欢迎您!
大连网信软件有限公司© 版权所有